| 000 | 00434nam a2200169Ia 4500 | ||
|---|---|---|---|
| 008 | 230524s9999 xx 000 0 und d | ||
| 082 |
_a4 _bKOR |
||
| 100 | _aReeba Korah | ||
| 245 | 0 | _aMicroprocessor 8085 to Pentium and Interfacing divices | |
| 250 | _a1ST | ||
| 260 |
_aNEW DELHI _bDhanpat Rai _c2004 |
||
| 300 | _a10.30+A.109 | ||
| 500 | _aQuantity Number: 2 | ||
| 650 | _aComp-Sc | ||
| 700 | _a R. Avudaiammal | ||
| 942 | _cBK | ||
| 999 |
_c16551 _d16551 |
||